Spain

Uložené v:
Podrobná bibliografia
Médium: Kniha
Jazyk:English
Vydavateľské údaje: Paris OECD 2012
Edícia:OECD economic surveys
Predmet:
Tagy: Pridať tag
Žiadne tagy, Buďte prvý, kto otaguje tento záznam!

MARC

LEADER 00000nam a2200000 4500
001 0166586
005 20240315121258.8
020 |a 978-92-64-12832-3 
022 |a 1995-3364 
041 0 |a eng 
044 |a FR 
245 1 0 |a Spain 
264 1 |a Paris  |b OECD  |c 2012 
300 |a 103 s. 
490 1 |a OECD economic surveys 
830 0 |a OECD economic surveys 
610 2 0 |a situácia hospodárska 
610 2 0 |a kríza finančná 
610 2 0 |a recesia 
610 2 0 |a banky 
610 2 0 |a dane 
610 2 0 |a trh práce 
610 2 0 |a zamestnanosť 
610 2 0 |a Španielsko